[Event "Groningen op"]
[Site "Groningen"]
[Date "1995.??.??"]
[Round "?"]
[White "Veroci, Zsuzsa"]
[Black "Psakhis, Lev"]
[Result "1/2-1/2"]
[WhiteElo "2315"]
[BlackElo "2610"]

1.e4 c5 2.Nf3 e6 3.d4 cxd4 4.Nxd4 a6 5.Bd3 Nf6 6.O-O Qc7 7.Qe2 d6 8.c4 Nbd7
9.Nc3 g6 10.Be3 Bg7 11.Rac1 b6 12.Rfd1 Bb7 13.f3 O-O 14.Qf2 Rac8 15.Be2 Rfe8
16.Nb3 Nc5 17.Nd4 Qb8 18.b4 Ncd7 19.Nb3 d5 20.exd5 exd5 21.c5 bxc5 22.bxc5 Ne5
23.Na5 Qc7 24.Nxb7 Qxb7 25.Rb1  1/2-1/2

[Event "Groningen op"]
[Site "Groningen"]
[Date "1995.??.??"]
[Round "?"]
[White "Lutz, Christopher"]
[Black "Martinovic, Slobodan"]
[Result "0-1"]
[WhiteElo "2575"]
[BlackElo "2445"]

1.e4 c5 2.Nf3 e6 3.d4 cxd4 4.Nxd4 a6 5.Bd3 Qb6 6.Nb3 Qc7 7.Be3 Nf6 8.f4 d6
9.Qf3 Nc6 10.Nc3 Be7 11.O-O O-O 12.Rae1 Nb4 13.a3 Nxd3 14.cxd3 Bd7 15.Rc1 Qd8
16.Kh1 Rc8 17.Nd4 Ne8 18.f5 Bf6 19.Rc2 Nc7 20.Rcf2 Qe7 21.fxe6 fxe6 22.Qd1 Bxd4
23.Bxd4 Nb5 24.Rxf8+ Rxf8 25.Nxb5 Bxb5 26.Bc3 Rxf1+ 27.Qxf1 Qg5 28.Bb4 Bxd3
29.Qg1 Qf4 30.Qb6 Qc1+ 31.Qg1 Qxb2 32.Bxd6 Bxe4 33.h3 h6 34.Bc5 Qc3 35.Qe3 Qa1+
36.Kh2 Qe5+ 37.Kg1 Qd5 38.Qd4 Bxg2 39.Qxd5 Bxd5 40.Bb6 Kf7 41.a4 e5 42.a5 g5
43.Kf2 h5 44.Bd8 Kg6 45.Bc7 Kf5 46.Bb6 h4 47.Bd8 Kf4 48.Be7 Be6 49.Kg2 g4
50.Bxh4 gxh3+ 51.Kf2 Ke4 52.Bg3 Kd4 53.Ke2 Bg4+ 54.Kd2 Ke4 55.Ke1 Kf3 56.Bxe5 Kg2  0-1

[Event "Groningen op"]
[Site "Groningen"]
[Date "1995.??.??"]
[Round "?"]
[White "Perdomo, Carlos Andres"]
[Black "Martinovic, Slobodan"]
[Result "0-1"]
[WhiteElo "2320"]
[BlackElo "2445"]

1.e4 c5 2.Nf3 e6 3.d4 cxd4 4.Nxd4 a6 5.Bd3 Qb6 6.Nb3 Qc7 7.O-O Nf6 8.f4 d6
9.Qe2 Nc6 10.c3 g6 11.N1d2 Bg7 12.Nc4 d5 13.exd5 Nxd5 14.Be4 O-O 15.Qf2 Nce7
16.Ne3 Nf6 17.Bf3 Bd7 18.Nc2 Bc6 19.Bxc6 Qxc6 20.Nb4 Qc7 21.Qc5 Qxc5+ 22.Nxc5 a5
23.Nc2 b6 24.Nd3 Nf5 25.Ne3 Nd6 26.Ne5 Rac8 27.a4 Rfd8 28.Ra3 Nd7 29.Nxd7 Rxd7
30.Rb3 Rb7 31.Nc2 Rc4 32.Rd1 Bf8 33.Rd4 Rxd4 34.Nxd4 Nc4 35.Kf2 Bc5 36.Be3 Re7
37.Nc2 Rd7 38.Bd4 f6 39.Rb5 e5 40.fxe5 fxe5 41.Bxc5 Rd2+ 42.Kg3 bxc5 43.Ne1 e4
44.b3 Nd6 45.Rb8+ Kf7 46.Kf4 Re2 47.Ke5 Ke7 48.Ra8 Nf7+ 49.Kd5 Rxe1 50.Rxa5 e3
51.Ra7+ Kf6 52.Ke4 Nd6+ 53.Kd3 Nf5 54.g4 Rd1+ 55.Ke2 Rd2+ 56.Kf3 Rf2+  0-1

[Event "Groningen op"]
[Site "Groningen"]
[Date "1995.??.??"]
[Round "?"]
[White "Friedman, Aviv"]
[Black "Martinovic, Slobodan"]
[Result "1/2-1/2"]
[WhiteElo "2295"]
[BlackElo "2445"]

1.e4 c5 2.Nf3 e6 3.d4 cxd4 4.Nxd4 a6 5.Bd3 Qb6 6.Nb3 Qc7 7.O-O Nf6 8.Qe2 d6
9.f4 Nc6 10.a4 b6 11.Nc3 Be7 12.Bd2 O-O 13.Rae1 Nb4 14.e5 dxe5 15.fxe5 Nd7
16.Rf3 Nxd3 17.cxd3 Nc5 18.Nxc5 Bxc5+ 19.Kh1 Bb7 20.Rh3 f5 21.exf6 Rxf6 22.Ne4 Rf5
23.Nxc5 Qxc5 24.Qxe6+ Rf7 25.Rg3 Qc6 26.Qb3 Qd6 27.Bb4 Bd5  1/2-1/2

[Event "Hajduboszormeny Knockout"]
[Site "Hajduboszormeny"]
[Date "1995.??.??"]
[Round "1"]
[White "Mathe, Gaspar"]
[Black "Medvegy, Nora"]
[Result "1/2-1/2"]
[WhiteElo "2400"]
[BlackElo "2265"]

1.e4 c5 2.Nf3 e6 3.d4 cxd4 4.Nxd4 a6 5.Bd3 Qc7 6.O-O Nc6 7.Nxc6 bxc6 8.Qe2 d5
9.c4 Nf6 10.Nd2 Bb7 11.b3 Bd6 12.h3 Be5 13.Rb1 O-O 14.Ba3 Rfe8 15.Nf3 dxe4
16.Bxe4 Nxe4 17.Qxe4 Bf6 18.Bc5 Qa5 19.b4 Qxa2 20.Rfd1 Rad8 21.Rxd8 Rxd8
22.Re1 Qa3 23.Ne5 Bxe5 24.Qxe5 Qd3 25.Re4 Qd7 26.Rg4 f6 27.Qxf6 Re8 28.Qe5 Qf7
29.Rf4 Qg6 30.Qc7 e5 31.Qxe5 h6 32.Qc7 Bc8 33.Kh2 Bf5 34.Bd4 Rf8 35.Bc3 Rf7
36.Qe5 Kh7 37.Bd4 Qe6 38.g4 Qxe5 39.Bxe5 Be6 40.c5 Rxf4 41.Bxf4 Bd5 42.Kg3 g6
43.Be5 Kg8 44.h4 h5 45.gxh5 gxh5 46.Kf4 Kf7  1/2-1/2

[Event "Wch U20"]
[Site "Halle"]
[Date "1995.??.??"]
[Round "4"]
[White "Manik, Mikulas"]
[Black "Spangenberg, Hugo"]
[Result "0-1"]
[WhiteElo "2380"]
[BlackElo "2490"]

1.e4 c5 2.Nf3 e6 3.d4 cxd4 4.Nxd4 a6 5.Bd3 Bc5 6.Nb3 Ba7 7.Qg4 Nf6 8.Qg3 d6
9.O-O O-O 10.Nc3 e5 11.Bg5 Be6 12.Nd5 Nbd7 13.Kh1 Bxd5 14.exd5 Re8 15.Bf5 Nf8
16.f4 e4 17.Rae1 e3 18.Bd3 Ng6 19.f5 Ne5 20.Bxe3 Bxe3 21.Qxe3 Nxd5 22.Qd4 Nf6
23.Rd1 d5 24.c3 Neg4 25.Rde1 Qd6 26.g3 Ne5 27.Be2 Re7 28.Qc5 Qd7 29.Rd1 Rc8
30.Qd4 Rce8 31.Qh4 b5 32.Kg1 h6 33.Nd4 Nc6 34.Bf3 Na5 35.b3 Re3 36.Nc2 Rxc3
37.Nb4 Qxf5 38.Bxd5 Qe5 39.Bg2 Nc4 40.Rxf6 Ne3 41.Rff1 Nxd1 42.Rxd1 Rc1 43.Rf1 g5
44.Qxh6 Re6 45.Qh5 Qe3+ 46.Kh1 Rf6 47.Rd1 Qd2  0-1

[Event "Wch U20"]
[Site "Halle"]
[Date "1995.??.??"]
[Round "6"]
[White "Manik, Mikulas"]
[Black "Perdomo, Carlos Andres"]
[Result "1/2-1/2"]
[WhiteElo "2380"]
[BlackElo "2320"]

1.e4 c5 2.Nf3 e6 3.d4 cxd4 4.Nxd4 a6 5.Bd3 Qc7 6.O-O Nf6 7.Nc3 d6 8.Be3 Nbd7
9.f4 Nc5 10.g4 b5 11.g5 b4 12.gxf6 bxc3 13.fxg7 Bxg7 14.bxc3 Bb7 15.Qf3 Rg8
16.Kh1 f5 17.Rab1 O-O-O 18.Nxe6 Nxe6 19.Rb6 Nd4 20.Bxd4 Bxd4 21.Rxb7 Qxb7
22.cxd4 Rde8 23.e5 Qxf3+ 24.Rxf3 Kc7 25.Bxf5 Rb8 26.Rc3+ Kd8 27.h3 Rf8 28.Be6 Rxf4
29.exd6 Rf6 30.Re3 Rb2 31.Re2 Rxe6 32.Rxe6 Rxc2 33.Rh6 Rxa2 34.Rxh7 a5 35.Ra7 Rd2
36.Rxa5 Rxd4 37.Ra6 Kd7 38.Kg2 Rxd6 39.Ra4 Ke7  1/2-1/2

[Event "Wch U20 Girls"]
[Site "Halle"]
[Date "1995.??.??"]
[Round "7"]
[White "Peptan, Corina"]
[Black "Khurtsidze, Nino"]
[Result "1/2-1/2"]
[WhiteElo "2340"]
[BlackElo "2295"]

1.e4 c5 2.Nf3 e6 3.d4 cxd4 4.Nxd4 a6 5.Bd3 Nf6 6.O-O d6 7.c4 Be7 8.Nc3 O-O
9.b3 b6 10.Bb2 Bb7 11.Qe2 Nbd7 12.Rad1 Qc7 13.f4 Rfe8 14.Kh1 Bf8 15.Bb1 Rac8
16.Nf3 g6 17.e5 dxe5 18.fxe5 Nh5 19.Ne4 Bxe4 20.Qxe4 Nc5 21.Qg4 Ng7 22.Qh3 Be7
23.Bc1 Red8 24.Bg5 Rxd1 25.Rxd1 Rd8 26.Rf1 Nd3 27.Bc2 Qc5 28.Bxd3 Rxd3 29.Qh4 Nf5
30.Qe4 Rd8 31.g4 Bxg5 32.Nxg5 Qe3 33.gxf5 Qxg5 34.f6 h5 35.Rg1 Qf5 36.Qxf5 exf5
37.b4 Re8 38.Re1 g5 39.Kg2 Kh7 40.Kf3 Kg6 41.c5 bxc5 42.bxc5 g4+ 43.Kf4 Rd8
44.e6 Kxf6 45.exf7 Rd4+ 46.Ke3 Rd8 47.Kf4 Kxf7 48.Kxf5 Rd2 49.c6 Rc2 50.Kg5 Rc5+
51.Kh4 Rxc6 52.Kxh5 Rc2 53.Kxg4 Rxa2 54.h4 a5 55.Kf4 a4 56.Ke4 Rh2 57.Kd5 Rxh4
58.Kc5 a3 59.Ra1  1/2-1/2

[Event "Wch U20"]
[Site "Halle"]
[Date "1995.??.??"]
[Round "10"]
[White "Rowson, Jonathan"]
[Black "Solak, Dragan"]
[Result "1-0"]
[WhiteElo "2400"]
[BlackElo "2240"]

1.e4 c5 2.Nf3 e6 3.d4 cxd4 4.Nxd4 a6 5.Bd3 Nc6 6.Nxc6 dxc6 7.O-O e5 8.Nd2 Nf6
9.Nc4 Qc7 10.f4 Ng4 11.Kh1 b5 12.Nxe5 Nxe5 13.fxe5 Qxe5 14.a4 Be7 15.Bf4 Qc5
16.Qe2 b4 17.e5 a5 18.Qf3 O-O 19.Qe4 g6 20.Bh6 Be6 21.Bxf8 Bxf8 22.Rae1 Rd8
23.Qe3 Qd5 24.Rd1 Qa2 25.b3 Qb2 26.Qb6 Rd5 27.Be4 Rxe5 28.Qxc6 Rh5 29.Qc7 Bc5
30.Bd5 Qe5 31.Qxe5 Rxe5 32.Bxe6 Rxe6 33.Rfe1 Rc6 34.Re2 h5 35.g3 Kg7 36.Kg2 f5
37.Rd5 Bb6 38.Red2 Bc5 39.Kf3 Kf6 40.Kf4 g5+ 41.Kf3 Ke6 42.Rd8 Bd6 43.Rh8 h4
44.gxh4 g4+ 45.Kg2 f4 46.Rh6+ Ke5 47.h5 f3+ 48.Kf1 Rb6 49.Rdxd6  1-0

[Event "Wichern op"]
[Site "Hamburg"]
[Date "1995.??.??"]
[Round "1"]
[White "Koglin, Anke"]
[Black "Miezis, Normunds"]
[Result "0-1"]
[WhiteElo "2235"]
[BlackElo "2505"]

1.e4 c5 2.Nf3 e6 3.d4 cxd4 4.Nxd4 a6 5.Bd3 Nc6 6.Nxc6 dxc6 7.O-O e5 8.Nd2 Nf6
9.Nc4 Qc7 10.a4 Bc5 11.Kh1 Qe7 12.Bg5 h6 13.Bh4 g5 14.Bg3 Bd6 15.b4 O-O 16.c3 Bc7
17.a5 Rd8 18.Qe2 Bg4 19.f3 Be6 20.Bf2 Nh5 21.g3 Qf6 22.Nb6 Rab8 23.Be3 Qg6
24.Bc4 Ng7 25.Kg1 h5 26.Rad1 Rxd1 27.Rxd1 Bxb6 28.Bxb6 g4 29.f4 exf4 30.gxf4 Re8
31.f5 Bxc4 32.Qxc4 Qf6 33.Rd7 h4 34.Qd3 Qe5 35.Qc4 Qf6 36.Qd3 Qe5 37.Qc4 Re7
38.Rxe7 Qxe7 39.Qd4 Nxf5  0-1

[Event "Wichern op"]
[Site "Hamburg"]
[Date "1995.??.??"]
[Round "5"]
[White "Kindermann, Stefan"]
[Black "Miezis, Normunds"]
[Result "1/2-1/2"]
[WhiteElo "2565"]
[BlackElo "2505"]

1.e4 c5 2.Nf3 e6 3.d4 cxd4 4.Nxd4 a6 5.Bd3 Nc6 6.Nxc6 dxc6 7.Nd2 e5 8.Qh5 Bd6
9.Nc4 Nf6 10.Nxd6+ Qxd6 11.Qe2 Be6 12.O-O O-O 13.a4 c5 14.Bg5 Rac8 15.Bxf6 c4
16.Rfd1 cxd3 17.Rxd3 Bc4 18.Rxd6 Bxe2 19.Rd2 Bh5 20.Bg5 Bg6 21.f3 f5 22.exf5 Bxf5
23.c3 e4 24.fxe4 Bxe4 25.a5 Rce8 26.Re1 Bc6 27.Rxe8 Rxe8 28.b4 Re4 29.Kf1 Rc4
30.Rd8+ Kf7 31.Bd2 Rh4 32.Kg1 Rh5 33.Be3 Rd5 34.Rc8 Rd3 35.Kf2 Rxc3 36.Rc7+ Kg8
37.Rxg7+ Kxg7 38.Bd4+ Kg6 39.Bxc3 h5 40.g3 Kf5 41.h3 Kg5 42.Ke3  1/2-1/2

[Event "Wichern op"]
[Site "Hamburg"]
[Date "1995.??.??"]
[Round "6"]
[White "Blees, Albert"]
[Black "Bischoff, Klaus"]
[Result "1/2-1/2"]
[WhiteElo "2420"]
[BlackElo "2550"]

1.e4 c5 2.Nf3 e6 3.d4 cxd4 4.Nxd4 a6 5.Bd3 Ne7 6.O-O Nbc6 7.Nb3 Ng6 8.Be3 Be7
9.N1d2 Rb8 10.a4 b6 11.f4 O-O 12.Qh5 f6 13.Rf3 Rf7 14.c3 Nf8 15.Rf2 Bd6 16.Rd1 Bc7
17.Qe2 Ra8 18.Bb1 Ne7 19.Nc4 d5 20.e5 Bd7 21.exf6 gxf6 22.Ncd2 Bxa4 23.f5 exf5
24.Re1 Nfg6 25.Nd4 f4 26.Ne6 fxe3 27.Nxd8 exf2+ 28.Kxf2 Rxd8 29.Qxa6 Bc6
30.Nf3 b5 31.Bxg6 hxg6 32.Rxe7 Rxe7 33.Qxc6 Kg7 34.Nd4  1/2-1/2

[Event "Wichern op"]
[Site "Hamburg"]
[Date "1995.??.??"]
[Round "7"]
[White "Gallagher, Joseph G"]
[Black "Emms, John M"]
[Result "1/2-1/2"]
[WhiteElo "2515"]
[BlackElo "2485"]

1.e4 c5 2.Nf3 e6 3.d4 cxd4 4.Nxd4 a6 5.Bd3 Qb6 6.Nb3 Qc7 7.Nc3 d6 8.O-O Nf6
9.f4 Nbd7 10.Qe2 b5 11.Bd2 Bb7 12.a3 Be7 13.Rae1 e5 14.Nd1 O-O 15.Na5 Rfe8
16.Nxb7 Qxb7 17.Qf3 Bf8 18.Ne3 exf4 19.Ng4 Nxg4  1/2-1/2

[Event "Wichern op"]
[Site "Hamburg"]
[Date "1995.??.??"]
[Round "9"]
[White "Kroeger, Fabian"]
[Black "Siebrecht, Sebastian"]
[Result "1/2-1/2"]
[WhiteElo "2190"]
[BlackElo "2325"]

1.e4 c5 2.Nf3 e6 3.d4 cxd4 4.Nxd4 a6 5.Bd3 Nc6 6.Nxc6 dxc6 7.O-O e5 8.Nd2 Bc5
9.Qh5 Bd6 10.Nc4 Nf6 11.Qh4 Be6 12.Bg5 Bxc4  1/2-1/2

[Event "Hastings Masters"]
[Site "Hastings"]
[Date "1995.??.??"]
[Round "5"]
[White "Bouchaud, Vincent"]
[Black "Emms, John M"]
[Result "0-1"]
[WhiteElo "2180"]
[BlackElo "2485"]

1.e4 c5 2.Nf3 e6 3.d4 cxd4 4.Nxd4 a6 5.Bd3 Qc7 6.O-O Nf6 7.Bg5 Be7 8.Nd2 d6
9.Qe2 e5 10.N4f3 Nbd7 11.h3 O-O 12.Rae1 h6 13.Be3 Nc5 14.Nc4 b5 15.Ncd2 Re8
16.c3 Nxd3 17.Qxd3 Bb7 18.Nh4 d5 19.exd5 Nxd5 20.Nf5 Bf8 21.Nb3 Rad8 22.Qe2 Re6
23.Bc1 b4 24.c4 Nf4 25.Bxf4 exf4 26.Qc2 Rg6 27.f3 Rc6 28.Rc1 g6 29.Nh4 Be7
30.g3 fxg3 31.Ng2 Qc8 32.Na5 Bc5+  0-1

[Event "Helsinki PC-SuperSto"]
[Site "Helsinki"]
[Date "1995.??.??"]
[Round "?"]
[White "Nouro, Mikael"]
[Black "Kochyev, Alexander"]
[Result "0-1"]
[WhiteElo "2250"]
[BlackElo "2455"]

1.e4 c5 2.Nf3 e6 3.d4 cxd4 4.Nxd4 a6 5.Bd3 Nf6 6.O-O d6 7.c4 g6 8.Nc3 Bg7
9.Be2 O-O 10.Nb3 Qe7 11.Bf4 Ne8 12.Qd2 Nd7 13.Rfd1 Ne5 14.Rac1 b6 15.Be3 Qc7
16.f4 Nd7 17.Nd4 Rb8 18.b4 Bh6 19.Kh1 Bb7 20.f5 Bxe3 21.Qxe3 e5 22.Nf3 Kg7
23.Nd5 Bxd5 24.cxd5 Qd8 25.fxg6 hxg6 26.Rf1 b5 27.Rc6 a5 28.Ng5 Ndf6 29.Qa7 Ra8
30.Qb7 Kg8 31.a3 axb4 32.axb4 Rb8 33.Qa7 Ng7 34.Qf2 Nge8 35.Qh4 Kg7 36.Ra6 Rb7
37.Ra5 Rh8 38.Qf2 Ng4 39.Bxg4 Qxg5 40.Bc8 Rc7 41.Bh3 Nf6 42.Qf3 Rc1 43.Ra7 Rxf1+
44.Qxf1 Qe3 45.Ra6 Nxe4 46.Ra2 Ng5 47.Bg4 Rh4 48.Be2 Re4  0-1

[Event "Helsinki"]
[Site "Helsinki"]
[Date "1995.??.??"]
[Round "?"]
[White "Raaste, Eero J"]
[Black "Pyhala, Antti"]
[Result "1-0"]
[WhiteElo "2355"]
[BlackElo "2350"]

1.e4 c5 2.Nf3 e6 3.d4 cxd4 4.Nxd4 a6 5.Bd3 Bc5 6.Nb3 Ba7 7.O-O Nc6 8.Qg4 Nf6
9.Qh4 Ne5 10.Nc3 b5 11.Bd2 Qc7 12.a4 b4 13.Ne2 Rb8 14.Ned4 h6 15.Rae1 g5
16.Qh3 Rg8 17.Kh1 d6 18.f4 gxf4 19.Bxf4 Nfg4 20.Be2 Bb7 21.Bxe5 Nxe5 22.Bh5 Qd7
23.Nxe6 Bc8 24.Rf6 Rb7 25.Na5 Rc7 26.Nxc7+ Qxc7 27.Qb3 Rg5 28.Rxh6 Qxa5 29.Rh8+ Ke7
30.Bxf7 Bd7 31.Rh7 Kd8 32.Be6 Qc5 33.Rf1 Be8 34.Bh3 Rg6 35.Bf5 Rf6 36.Qh3 Qc4
37.Rd1 Bd4 38.Qh4 Ng6 39.Qg5 Qxc2 40.Rc1 b3 41.Rxc2 bxc2 42.Qd2  1-0

[Event "EU-ch U20"]
[Site "Holon"]
[Date "1995.??.??"]
[Round "2"]
[White "Forster, Richard"]
[Black "Gasimov, Ragim"]
[Result "0-1"]
[WhiteElo "2370"]
[BlackElo "2420"]

1.e4 c5 2.Nf3 e6 3.d4 cxd4 4.Nxd4 a6 5.Bd3 Nf6 6.O-O d6 7.c4 b6 8.Nc3 Bb7
9.Qe2 Nbd7 10.f4 Qc7 11.Kh1 Be7 12.Bd2 h5 13.Rae1 h4 14.Nd5 exd5 15.e5 Kf8
16.Nf5 dxc4 17.exf6 Bxf6 18.Bxc4 h3 19.Rf2 hxg2+ 20.Kg1 Nc5 21.Bc3 Bxc3 22.bxc3 Ne4
23.Rxg2 Qc5+ 24.Nd4 Rh4 25.Bd3 Rxf4 26.Qe3 Rh4 27.Rf1 Re8 28.Rf5 Qxc3 29.Rxf7+ Kxf7
30.Qf3+ Kg8 31.Rxg7+ Kxg7 32.Nf5+ Kh8 33.Nxh4 Qe1+  0-1

[Event "EU-ch U20"]
[Site "Holon"]
[Date "1995.??.??"]
[Round "7"]
[White "Forster, Richard"]
[Black "Solak, Dragan"]
[Result "1/2-1/2"]
[WhiteElo "2370"]
[BlackElo "2240"]

1.e4 c5 2.Nf3 e6 3.d4 cxd4 4.Nxd4 a6 5.Bd3 Nc6 6.Nxc6 dxc6 7.Nd2 e5 8.Nc4 Nf6
9.O-O Qc7 10.f4 Ng4 11.Kh1 b5 12.Nxe5 Nxe5 13.fxe5 Qxe5 14.a4 Be7 15.Bf4 Qxb2
16.axb5 cxb5 17.e5 O-O 18.Be4 Be6 19.Bxa8 Rxa8 20.Qf3 Rc8 21.Rxa6 Qxc2 22.Bg5 Bb4
23.Ra8 Bf8 24.h3 Rxa8 25.Qxa8 Qd3 26.Rc1 Qa3 27.Qxa3 Bxa3 28.Ra1 h6 29.Bxh6 Bb2
30.Rb1 Bc3 31.Bc1 b4 32.Bb2 Ba2 33.Ra1 Bxb2 34.Rxa2 Bxe5 35.Ra8+ Kh7 36.Ra5 Bc3
37.Rb5 Kg6 38.g4 Kf6 39.Kg2 g5 40.Kf3 Kg6 41.Ke4 f6 42.Rb6 Bd2 43.Rb8 Bc3
44.Rg8+ Kf7 45.Rc8 Be5 46.Kf5 b3 47.Rc6 b2 48.Rb6 Ke7 49.Ke4 Kf7 50.Kf5 Ke7
51.Ke4 Kf7 52.Kd5 Kg6 53.Ke6 Bd4 54.Rb7 Bc3 55.Rb5 Bd4 56.Rb3 Bc3 57.Rb8 Be5
58.Rb5  1/2-1/2

[Event "HUN-chT1"]
[Site "HUN"]
[Date "1995.??.??"]
[Round "?"]
[White "Szuk, Balazs"]
[Black "Portisch, Lajos"]
[Result "0-1"]
[WhiteElo "2335"]
[BlackElo "2585"]

1.e4 c5 2.Nf3 e6 3.d4 cxd4 4.Nxd4 a6 5.Bd3 Qc7 6.O-O Nf6 7.Qe2 d6 8.c4 Nbd7
9.Nc3 Ne5 10.f4 Nxd3 11.Qxd3 Be7 12.b3 O-O 13.Qg3 Bd7 14.e5 Nh5 15.Qe3 dxe5
16.fxe5 Bc5 17.Kh1 f6 18.Bd2 fxe5 19.Qg5 Bxd4 20.Qxh5 Bc6 21.Qg4 Qd7 22.Rad1 Rxf1+
23.Rxf1 Rf8 24.Rxf8+ Kxf8 25.Qe2 Qf7 26.h3 Qf5 27.Kh2 Kg8 28.Be1 e4 29.Nd1 e3
30.Bg3 Qe4  0-1

[Event "HUN-chT1"]
[Site "HUN"]
[Date "1995.??.??"]
[Round "?"]
[White "Varga, Zoltan"]
[Black "Erdelyi, Tamas"]
[Result "1/2-1/2"]
[WhiteElo "2460"]
[BlackElo "2305"]

1.e4 c5 2.Nf3 e6 3.d4 cxd4 4.Nxd4 a6 5.Bd3 Nf6 6.Qe2 d6 7.O-O g6 8.b3 Bg7
9.Bb2 O-O 10.Nd2 Re8 11.Rad1 Qc7 12.c4 Nbd7 13.Rc1 b6 14.Bb1 Bb7  1/2-1/2

[Event "HUN-chT1"]
[Site "HUN"]
[Date "1995.??.??"]
[Round "?"]
[White "Medvegy, Nora"]
[Black "Csoke, Krisztian"]
[Result "1-0"]
[WhiteElo "2235"]
[BlackElo "2295"]

1.e4 c5 2.Nf3 e6 3.d4 cxd4 4.Nxd4 a6 5.Bd3 Qc7 6.Be3 Nf6 7.c4 Bc5 8.Nd2 Ba7
9.O-O Nc6 10.N2b3 Ne5 11.Bf4 h5 12.h3 h4 13.Nf3 d6 14.Nxe5 dxe5 15.Bg5 Bd7
16.Qf3 Ke7 17.Rfd1 Ba4 18.Be2 Bxb3 19.Qxb3 Bd4 20.Rxd4 exd4 21.e5 Qxe5 22.Qxb7+ Kd6
23.c5+ Qxc5 24.Rc1 Ra7 25.Bf4+ e5 26.Bxe5+ Qxe5 27.Qb6+ Ke7 28.Qxa7+ Nd7
29.Qxa6 Rb8 30.Qa3+ Ke8 31.Bd3 Kd8 32.b4 Rb6 33.b5 Qd5 34.Qa5 Ke8 35.Rc8+ Ke7
36.Qb4+ Kf6 37.Qd2 g5 38.a4 Ne5 39.a5 Nxd3 40.axb6 Nf4 41.f3 Kg6 42.Qe1 Kh6
43.Qe8 d3 44.Qc6+ Qe6 45.Rd8 Kg7 46.Qxe6  1-0

[Event "HUN-chT1"]
[Site "HUN"]
[Date "1995.??.??"]
[Round "?"]
[White "Csoke, Adrienn"]
[Black "Albert, Kornelia"]
[Result "1/2-1/2"]
[WhiteElo "2060"]
[BlackElo "2110"]

1.e4 c5 2.Nf3 e6 3.d4 cxd4 4.Nxd4 a6 5.Bd3 Qc7 6.Qe2 Nc6 7.Nxc6 dxc6 8.e5 Ne7
9.f4 Ng6 10.Rf1 Be7 11.g3 O-O 12.Nd2 c5 13.h4 Rd8 14.Nf3 b5 15.c4 bxc4 16.Bxc4 Bb7
17.Bd2 Bd5 18.Bc3  1/2-1/2

[Event "HUN-chT1"]
[Site "HUN"]
[Date "1995.??.??"]
[Round "?"]
[White "Besztercsenyi, Tibor"]
[Black "Izsak, Gyula"]
[Result "1/2-1/2"]
[WhiteElo "2275"]
[BlackElo "2445"]

1.e4 c5 2.Nf3 e6 3.d4 cxd4 4.Nxd4 a6 5.Bd3 Nf6 6.O-O d6 7.f4 Nbd7 8.Kh1 Nc5
9.Nc3 b5 10.a3 Bb7 11.Qe2 Be7 12.Bd2 O-O 13.Rf3 Qb6 14.Rh3 Nxd3 15.Qxd3 Rfd8
16.Be3 Qc7 17.Bg1 Qc4 18.Qe3 Bf8 19.Re1 Rac8 20.Nb3 Ba8 21.Nd2 Qc6 22.Nf3 Qb7
23.Qc1 a5 24.Bd4 Ne8 25.Nd1 f6 26.Qd2 b4 27.axb4 axb4 28.c3 e5 29.Bg1 d5
30.exd5 e4 31.Rxe4 Rxd5 32.Rd4 Rcd8 33.Qc2 g6 34.Ne3 Rxd4 35.Nxd4 Qf7 36.f5 g5
37.Ne6 Rc8 38.Nxf8 Kxf8 39.Qa4 bxc3 40.bxc3 h5 41.Rg3 h4 42.Rh3 Qb7 43.c4 Qe4
44.Qa3+ Qe7 45.Qa2 Qe4 46.Qa3+ Qe7  1/2-1/2

[Event "HUN-chT2 9495"]
[Site "HUN"]
[Date "1995.??.??"]
[Round "?"]
[White "Bors, Sandor"]
[Black "Herpai, Jozsef"]
[Result "0-1"]
[WhiteElo "2170"]
[BlackElo "2310"]

1.e4 c5 2.Nf3 e6 3.d4 cxd4 4.Nxd4 a6 5.Bd3 Nf6 6.O-O Qc7 7.c4 d6 8.Be3 g6
9.Nc3 Bg7 10.Nb3 O-O 11.Qe2 b6 12.f4 Nbd7 13.Rac1 Nc5 14.Bb1 Bb7 15.Nd2 Rac8
16.b4 Ncd7 17.Bd3 Rfe8 18.Nb3 Qb8 19.h3 Qa8 20.Bd2 Qb8 21.Qf2 Qa8 22.Rfe1 Qb8
23.a4 Ba8 24.Qe2 Qc7 25.c5 bxc5 26.Bxa6 Rb8 27.Bb5 Rec8 28.bxc5 Nxc5 29.Nxc5 Qxc5+
30.Kh2 Qc7 31.Nd5 Qd8 32.Rxc8 Rxc8 33.Nxf6+ Qxf6 34.Qd3 Qd4 35.Qxd4 Bxd4
36.Bb4 d5 37.exd5 Bxd5 38.Bd6 Rc2 39.Re2 Rc1 40.Rd2 Be3 41.Re2 Bg1+ 42.Kg3 f6
43.Be8 Rc3+ 44.Kh4 Bh2 45.f5 Bxd6 46.fxg6 hxg6 47.Bxg6 Kg7 48.Be8 Rc4+ 49.g4 Rc8
50.Bh5 Rc3 51.Be8 Bf4  0-1

[Event "HUN-chT2 9495"]
[Site "HUN"]
[Date "1995.??.??"]
[Round "?"]
[White "Sax, Gyula"]
[Black "Fancsy, Imre"]
[Result "1-0"]
[WhiteElo "2535"]
[BlackElo "2365"]

1.e4 c5 2.Nf3 e6 3.d4 cxd4 4.Nxd4 a6 5.Bd3 Qc7 6.O-O Nf6 7.f4 d6 8.Kh1 g6
9.c4 Bg7 10.f5 O-O 11.Nc3 Nc6 12.Nxc6 bxc6 13.Bg5 Bb7 14.Rc1 c5 15.Qe1 exf5
16.exf5 Rfe8 17.Qh4 Nd7 18.fxg6 fxg6 19.Rf7 Rf8 20.Re7 Rae8 21.Rce1 Qc8 22.h3 Rxe7
23.Rxe7 Re8 24.Be4 Rxe7 25.Bxe7 Bxc3 26.bxc3 Qa8 27.Bxb7 Qxb7 28.Bxd6 Qc8
29.Qe7 a5 30.Qe6+ Kg7 31.Be5+ Kh6 32.Qg4 Qd8 33.Qf4+ g5 34.Qf5 Nxe5 35.Qxe5 Qf8
36.Kh2 Qf4+ 37.Qxf4 gxf4 38.Kg1 Kg5 39.Kf2 Kf5  1-0

[Event "HUN-chT2 9495"]
[Site "HUN"]
[Date "1995.??.??"]
[Round "?"]
[White "Pfeifer, Tamas"]
[Black "Waldmann, Ivan"]
[Result "1/2-1/2"]
[WhiteElo "2315"]
[BlackElo "2280"]

1.e4 c5 2.Nf3 e6 3.d4 cxd4 4.Nxd4 a6 5.Bd3 Qc7 6.f4 d6 7.Nc3 Nf6 8.Qf3 Nc6
9.Nb3 Be7 10.Bd2 Bd7 11.g4 O-O-O 12.g5 Ne8 13.O-O-O Kb8 14.h4 h5 15.Rhe1 g6
16.Qf2 Bf8 17.Be3 Qc8 18.Bb6 Nc7 19.Na4 Re8 20.Nd4 Na8 21.Nb3 Be7 22.Kb1 Bd8
23.Bxd8 Qxd8 24.Bf1 Qc7 25.Nc3 Nb6 26.Qd2 Nc8 27.Bg2 Rd8  1/2-1/2

[Event "HUN-chT2 9495"]
[Site "HUN"]
[Date "1995.??.??"]
[Round "?"]
[White "Mihalko, Jozsef"]
[Black "Deak, Sandor"]
[Result "1-0"]
[WhiteElo "2350"]
[BlackElo "2325"]

1.e4 e6 2.d4 c5 3.Nf3 cxd4 4.Nxd4 a6 5.Bd3 Qc7 6.O-O Nf6 7.Kh1 Bc5 8.Nb3 Ba7
9.Nc3 h5 10.Qe2 Ng4 11.g3 Nc6 12.Kg2 d6 13.h3 Nge5 14.Be3 h4 15.g4 Bd7 16.Rad1 Na5
17.Bxa7 Rxa7 18.Nxa5 Qxa5 19.Qd2 b5 20.Be2 b4 21.Qxd6 Rc7 22.Nd5 exd5 23.Qxe5+ Kf8
24.Qd6+ Kg8 25.Rxd5 Rh6 26.Qxd7  1-0

[Event "Papp Bela mem"]
[Site "HUN"]
[Date "1995.??.??"]
[Round "?"]
[White "Horvath, Andras"]
[Black "Izsak, Gyula"]
[Result "1/2-1/2"]
[WhiteElo "2240"]
[BlackElo "2430"]

1.e4 c5 2.Nf3 e6 3.d4 cxd4 4.Nxd4 a6 5.Bd3 Nf6 6.O-O d6 7.f4 Be7 8.Nc3 O-O
9.Nf3 Nc6 10.Qe2 Nd7 11.Kh1 Nc5 12.Bd2 b5 13.a3 Bb7 14.b4 Nxd3 15.cxd3 d5
16.e5 a5 17.Nxb5 axb4 18.axb4 Nxb4 19.Rab1 Nc6  1/2-1/2

[Event "HUN-chT1 9596"]
[Site "HUN"]
[Date "1995.??.??"]
[Round "2"]
[White "Szabolcsi, Janos"]
[Black "Forintos, Gyozo V"]
[Result "1-0"]
[WhiteElo "2470"]
[BlackElo "2485"]

1.d4 e6 2.Nf3 c5 3.e4 cxd4 4.Nxd4 a6 5.Bd3 g6 6.Nc3 Bg7 7.Be3 Nc6 8.Nb3 Nge7
9.Qd2 d5 10.Bh6 O-O 11.O-O-O d4 12.Ne2 e5 13.h4 Bxh6 14.Qxh6 Kh8 15.c3 Be6
16.Bc2 Bc4 17.h5 Ng8 18.Qd2 Qb6 19.cxd4 Rac8 20.Kb1 Rfd8 21.hxg6 fxg6 22.Rh3 Bxe2
23.Qxe2 Nxd4 24.Nxd4 Rxd4 25.Rxd4 Qxd4 26.Rd3 Qc4 27.Qd1 Nf6 28.Rc3 Qe6 29.Bb3 Qe8
30.Rxc8 Qxc8 31.Qd6 Nh5 32.Qxe5+ Ng7 33.Qf6 Qe8 34.e5 h5 35.a3 Qb5 36.Qf8+ Kh7
37.Bg8+  1-0

[Event "HUN-chT1 9596"]
[Site "HUN"]
[Date "1995.??.??"]
[Round "3"]
[White "Cao Sang"]
[Black "Orso, Miklos"]
[Result "1-0"]
[WhiteElo "2300"]
[BlackElo "2380"]

1.e4 c5 2.Nf3 e6 3.d4 cxd4 4.Nxd4 a6 5.Bd3 Qc7 6.O-O b5 7.a4 b4 8.Nd2 Bb7
9.Nc4 d5 10.exd5 Bxd5 11.Qe2 Nf6 12.Bg5 Nbd7 13.Rfe1 Bc5 14.Nb3 Be7 15.Ne3 Bxb3
16.cxb3 Nc5 17.Rac1 Qe5 18.Qf3 Rd8 19.Bxf6 gxf6 20.Bxa6 Nxa6 21.Qc6+ Kf8
22.Nc4 Qd5 23.Qxa6 Rg8 24.g3 h5 25.Rcd1 Qf3 26.Rxd8+ Bxd8 27.Qd6+ Be7 28.Qd1 Qf5
29.Qd2 Bc5 30.Nd6 Qf3 31.Ne4 Be7 32.Qh6+ Ke8 33.a5 f5 34.Nf6+ Bxf6 35.Qxf6 h4
36.Qxh4 Qxb3 37.Rc1 Kd7 38.Qd4+ Qd5 39.Qa7+  1-0

[Event "HUN-chT1 9596"]
[Site "HUN"]
[Date "1995.??.??"]
[Round "4"]
[White "Szuk, Balazs"]
[Black "Portisch, Lajos"]
[Result "1/2-1/2"]
[WhiteElo "2335"]
[BlackElo "2585"]

1.e4 c5 2.Nf3 e6 3.d4 cxd4 4.Nxd4 a6 5.Bd3 d6 6.O-O Nf6 7.f4 g6 8.Kh1 Bg7
9.f5 e5 10.Nb3 gxf5 11.exf5 Nbd7 12.c4 b6 13.Be2 Qc7 14.Bf3 Bb7 15.Bxb7 Qxb7
16.Qxd6 Rg8 17.Qd3 Bf8 18.Qe2 Rc8 19.N1d2 Be7 20.Nf3 Qe4 21.Qxe4 Nxe4 22.Nbd2 Nd6
23.b3 Nxf5 24.Nxe5 Nxe5 25.Rxf5 Nd3 26.Ne4 Rc6 27.Rf3 Ne1 28.Rg3 Rxg3 29.Nxg3 Nc2
30.Rb1 Nb4 31.Bd2 Nxa2 32.Ra1 Nb4 33.Nf5 Bc5 34.Bxb4 Bxb4 35.Rxa6 Rf6 36.g4 Kd7
37.Ra4 Bc5 38.b4 Bf8 39.Ra7+ Ke6 40.Rb7 Ke5 41.Ne3 Rf4 42.Rxb6 Kd4 43.Rb8 Kxe3
44.Rxf8 Rxg4 45.Rxf7 Rxc4 46.Rxh7  1/2-1/2

[Event "HUN-chT1 9596"]
[Site "HUN"]
[Date "1995.??.??"]
[Round "4"]
[White "Szakolczai, Peter"]
[Black "Orso, Janos"]
[Result "1/2-1/2"]
[WhiteElo "2225"]
[BlackElo "2295"]

1.e4 c5 2.Nf3 e6 3.d4 cxd4 4.Nxd4 a6 5.Bd3 Qc7 6.Be3 Nf6 7.Nb3 b6 8.N1d2 d6
9.O-O Bb7 10.f4 Nbd7 11.Qf3 Be7 12.Qh3 h5 13.Rae1 Ng4 14.Bd4 e5 15.Bc3 Nc5
16.Qf3 O-O 17.h3 Nf6 18.fxe5 dxe5 19.Qg3 Ncd7 20.Nf3 Nh7 21.Nh4 Ng5 22.Nf5 Bf6
23.Bb4 Nc5  1/2-1/2